| 000 | 00887cam a2200313 i 4500 | ||
|---|---|---|---|
| 001 | 4611868 | ||
| 003 | OSt | ||
| 005 | 20140310182718.0 | ||
| 008 | 770912s1978 cau 001 0 eng | ||
| 010 | _a 77013322 | ||
| 020 |
_a0534005748 _c$3.95 |
||
| 040 |
_aDLC _cDLC _dDLC |
||
| 050 | 0 | 0 |
_aLB 2369 _b.R845 1978 |
| 082 | 0 | 0 |
_aM 808.023 _23rd ed. _bR74 1978 |
| 100 | 1 | _aRoth, Audrey J. | |
| 245 | 1 | 4 |
_aThe research paper form and content _cRoth, Audrey J. |
| 250 | _a3rd ed. | ||
| 260 |
_aBelmont, California : _bWadsworth Publishing Company, Inc., _cc1978. |
||
| 300 |
_axv, 189 p. ; _c23 cm. |
||
| 500 | _aIncludes index. | ||
| 521 | _aCollege Students | ||
| 526 | _c120L-1700L | ||
| 541 | _j1 | ||
| 562 | _e1 | ||
| 650 | 0 | _aAcademic writing. | |
| 650 | 0 |
_aResearch _xMethodology. |
|
| 906 |
_a7 _bcbc _corignew _d1 _eocip _f19 _gy-gencatlg |
||
| 942 |
_2lcc _cBK _kM |
||
| 999 |
_c15310 _d15310 |
||